| 000 | 01205nam a2200217Ia 4500 | ||
|---|---|---|---|
| 001 | a11855 | ||
| 003 | SIRSI | ||
| 008 | 180429s2007 ts c e b 000 0 ara d | ||
| 043 | _aa-ts--- | ||
| 050 | 1 | 4 |
_aHQ1731.5 _b.S53 2007 |
| 245 | 0 | 0 |
_aشمس زايد : _bأضاءت دنيا المرأة / _cمؤسسة التنمية الأسرية. |
| 246 | 3 | 8 |
_aشمس زايد .. أضاءت دنيا المرأة : _bكتاب توثيقي يصدر عن مؤسسة التنمية الأسرية في الذكرى الثالثة لرحيل مؤسس الدولة |
| 250 | _aط. 1. | ||
| 260 |
_aأبو ظبي : _bمؤسسة التنمية الأسرية، _c2007. |
||
| 300 |
_a268 ص. : _bصور ضوئية ملونة ؛ _c26 سم. |
||
| 500 | _aص. العنوان : إصدار في ذكرى وفاة المغفور له بإذن الله تعالى الشيخ زايد بن سلطان آل نهيان. | ||
| 504 | _aببليوجرافيا : ص. 264-265. | ||
| 600 | 0 | 4 |
_aزايد بن سلطان آل نهيان، _d1918-2004. |
| 650 | 4 |
_aالمرأة _zالإمارات العربية المتحدة. |
|
| 710 | 2 | _aمؤسسة التنمية الأسرية (أبو ظبي، الإمارات العربية المتحدة) | |
| 999 |
_c28501 _d28501 |
||